00000000nam##2200000za#4500
0019.571953
003CaOODSP
00520210624182959
007cr |||||||||||
008150406|1998||||xxc|||||o    f|0| 0 eng|d
040 |aCaOODSP|beng
043 |an-cn---
0861 |aC21-27/2-1998-3E-PDF
1101 |aCanada. |bIndustry Canada.
24514|aThe implications of technological change for human resource policy / |h[electronic resource]|cby Julian R. Betts.
260 |aOttawa - Ontario : |bIndustry Canada |cNovember 1998.
300 |a75p.|bgraphs
4901 |aCanada in the 21st century. II, Resources and technology|vNo. 7
500 |aThe catalogue number (C21-27/2-1998-3) for the bilingual print edition has been incorrectly copied in this electronic publication.
504 |aBibliography.
590 |a11-24-Supp|b2011-10-24
69007|aLabour market|2gcpds
69007|aTechnological innovation|2gcpds
69007|aTraining|2gcpds
7201 |aBetts, Julian R.
77508|tLes conséquences du changement technologique pour les politiques de main-d'oeuvre / |w(CaOODSP)9.602373
7760#|tLes conséquences du changement technologique pour les politiques de main-d'oeuvre / |w(CaOODSP)9.532851
7760#|tThe implications of technological change for human resources policy / |w(CaOODSP)9.532850
830#0|aCanada in the 21st century. II, Resources and technology ;|vNo. 7|w(CaOODSP)9.506523
85640|ahttp://publications.gc.ca|qPDF|s188 KB|uhttps://publications.gc.ca/collections/Collection/C21-27-2-1998-3E.pdf|yNo. 7